Gate 2014 Computer Science and Information Technology (Previous Year Question Paper) (Record no. 30)

MARC details
000 -LEADER
fixed length control field 00433nam a2200145Ia 4500
008 - FIXED-LENGTH DATA ELEMENTS--GENERAL INFORMATION
fixed length control field 191201s2013 xx 000 0 und d
082 ## - DEWEY DECIMAL CLASSIFICATION NUMBER
Classification number 004
Item number GAA
100 ## - MAIN ENTRY--PERSONAL NAME
Personal name ACE Engineering publication
245 #0 - TITLE STATEMENT
Title Gate 2014 Computer Science and Information Technology (Previous Year Question Paper)
250 ## - EDITION STATEMENT
Edition statement 2nd
260 ## - PUBLICATION, DISTRIBUTION, ETC. (IMPRINT)
Place of publication, distribution, etc Donated
Name of publisher, distributor, etc ACE Engineering publication,Hyderabad
Date of publication, distribution, etc 2013
300 ## - PHYSICAL DESCRIPTION
Extent 533
650 ## - SUBJECT ADDED ENTRY--TOPICAL TERM
Topical term or geographic name as entry element B.Tech(CSE)
942 ## - ADDED ENTRY ELEMENTS (KOHA)
Source of classification or shelving scheme Dewey Decimal Classification
Koha item type Text Books
Holdings
Withdrawn status Lost status Source of classification or shelving scheme Damaged status Not for loan Collection code Home library Current library Date acquired Source of acquisition Bill Number Total Checkouts Full call number Acc. no. / Barcode Date last seen Date last borrowed Bill Date Koha item type Public note
    Dewey Decimal Classification     GENERAL PIET C-LIBRARY PIET C-LIBRARY 12/02/2014 Donated Donated 1 004 GAA 22969 18/04/2022 07/04/2022 10/02/2014 Text Books Competition

Design & Developed by: PIET Central Library
R70 Miles Stone Pattikalyana Samalkha Panipat 132102
mail ID :- [email protected], Phone No:- 0180-2569700 Ex.216